000 00697cam a2200205 4500
001 WB3529-09
008 000000n1999 000 0 eng u
035 _a(Sirsi) u102112
245 _aTwin towers to tumble.
260 _c1999
490 _aFinancial Times
_v30 July 1999, 7
490 _aTimes
_v30 July 1999, 7(2)
520 _aReveals the new design for Wembley stadium, which will have an increased capacity of 90,000. The costs of the project have risen to £475m, due to adding extra facilities, such as a hotel.
650 _aWEMBLEY
650 _aSTADIA
650 _aBUILDING AND CONSTRUCTION-PROJECTS
650 _aARCHITECTURE
690 _aBUILT ENVIRONMENT
942 _n0
999 _c61204
_d61204